Rongali/ (Record no. 12172)
[ view plain ]
| 000 -LEADER | |
|---|---|
| fixed length control field | 00603nam a22001937a 4500 |
| 005 - DATE AND TIME OF LATEST TRANSACTION | |
| control field | 20250322062741.0 |
| 008 - FIXED-LENGTH DATA ELEMENTS--GENERAL INFORMATION | |
| fixed length control field | 250322b |||||||| |||| 00| 0 eng d |
| 040 ## - CATALOGING SOURCE | |
| Original cataloging agency | IN-DiNC |
| Transcribing agency | IN-DiNC |
| 041 ## - LANGUAGE CODE | |
| Language code of sung or spoken text | Assamese |
| 082 ## - DEWEY DECIMAL CLASSIFICATION NUMBER | |
| Classification number | 398.0954162 |
| Item number | RON |
| 245 ## - TITLE STATEMENT | |
| Title | Rongali/ |
| Statement of responsibility, etc. | ed. by Hema Gogoi, Jatin Gogoi and Pabitra Mohon Phukan |
| 260 ## - PUBLICATION, DISTRIBUTION, ETC. | |
| Place of publication, distribution, etc. | Sivsagar: |
| Name of publisher, distributor, etc. | Sodou Asom bihuwa, bihuwoti bihu bisheshagya aru bihu bicharak samiti: |
| Date of publication, distribution, etc. | n.a. |
| 300 ## - PHYSICAL DESCRIPTION | |
| Extent | 152p. |
| 650 ## - SUBJECT ADDED ENTRY--TOPICAL TERM | |
| Topical term or geographic name entry element | Book on Bihu |
| 700 ## - ADDED ENTRY--PERSONAL NAME | |
| Personal name | Gogoi, Hema |
| Relator term | Editor |
| 700 ## - ADDED ENTRY--PERSONAL NAME | |
| Personal name | Gogoi, Jatin |
| Relator term | Editor |
| 700 ## - ADDED ENTRY--PERSONAL NAME | |
| Personal name | Phukan, Pabitra Mohon |
| Relator term | Editor |
| 942 ## - ADDED ENTRY ELEMENTS (KOHA) | |
| Source of classification or shelving scheme | Dewey Decimal Classification |
| Koha item type | Books |
| Withdrawn status | Lost status | Source of classification or shelving scheme | Damaged status | Not for loan | Collection code | Home library | Current library | Shelving location | Date acquired | Cost, normal purchase price | Total Checkouts | Full call number | Barcode | Date last seen | Copy number | Price effective from | Koha item type |
|---|---|---|---|---|---|---|---|---|---|---|---|---|---|---|---|---|---|
| Dewey Decimal Classification | Assamese | Central Library, Naharkatiya College | Central Library, Naharkatiya College | General Stacks | 22/03/2025 | 80.00 | 398.0954162 RON | 21761 | 22/03/2025 | 1 | 22/03/2025 | Books |
